书目信息 |
| 题名: |
IP电话网络技术
|
|
| 作者: | 苗兰波 , 冯志勇 , 吕延杰 编著 | |
| 分册: | ||
| 出版信息: | 北京 电子工业出版社 2001.06 |
|
| 页数: | 229页 | |
| 开本: | 26cm | |
| 丛书名: | 实用网络技术丛书 | |
| 单 册: | ||
| 中图分类: | TN916 | |
| 科图分类: | ||
| 主题词: | 电话 | |
| 电子资源: | ||
| ISBN: | 7-5053-6611-4 | |
| 000 | 00744nam0 2200241 45 | |
| 001 | 0455536897 | |
| 005 | 2004091615253664 | |
| 010 | @a7-5053-6611-4@dCNY 24.00 | |
| 100 | @a20040916d2001 km y0chiy0120 ea | |
| 101 | 0 | @achi |
| 102 | @aCN@b110000 | |
| 200 | 1 | @aIP电话网络技术@AIP Dian Hua Wang Luo Ji Shu@f苗兰波,冯志勇,吕延杰编著@FMiao Lan Bo,Feng Zhi Yong,Lu Yan Jie Bian Zhu |
| 210 | @a北京@c电子工业出版社@d2001.06 | |
| 215 | @a229页@d26cm | |
| 225 | 2 | @a实用网络技术丛书 |
| 410 | 0 | @12001 @a实用网络技术丛书 |
| 606 | 0 | @a电话 |
| 690 | @aTN916@v3 | |
| 701 | 0 | @a苗兰波@AMiao Lan Bo@4编著 |
| 701 | 0 | @a冯志勇@AFeng Zhi Yong@4编著 |
| 701 | 0 | @a吕延杰@ALu Yan Jie@4编著 |
| 801 | 0 | @aCN@bPFT@c20040916 |
| 905 | @a安徽大学@dTN916@eM725 | |
| IP电话网络技术/苗兰波,冯志勇,吕延杰编著.-北京:电子工业出版社,2001.06 |
| 229页;26cm.-(实用网络技术丛书) |
| ISBN 7-5053-6611-4:CNY 24.00 |
| ● |
| 相关链接 |
|
|
|
正题名:IP电话网络技术
索取号:TN916/M725
 
预约/预借
| 序号 | 登录号 | 条形码 | 馆藏地/架位号 | 状态 | 备注 |
| 1 | 394123 | 203941235 | 期刊室512/301自科库 29排3列5层/ [索取号:TN916/M725] | 在馆 | |
| 2 | 394124 | 203941244 | 自科库301/301自科库 998排4列3层/ [索取号:TN916/M725] | 在馆 |